[Event "Dortmund SuperGM"]
[Site "Dortmund"]
[Date "2001.07.15"]
[Round "4"]
[White "Kramnik, Vladimir"]
[Black "Morozevich, Alexander"]
[Result "1-0"]
[WhiteElo "2802"]
[BlackElo "2749"]
[Annotator "Huebner,R"]
[PlyCount "75"]
[EventDate "2001.07.12"]
[EventType "tourn"]
[EventRounds "10"]
[EventCountry "GER"]
[EventCategory "21"]
[SourceTitle "CBM 085"]
[Source "ChessBase"]
[SourceDate "2001.11.13"]
[SourceVersion "1"]
[SourceVersionDate "2001.11.13"]
[SourceQuality "1"]

1. d4 d5 2. c4 c6 3. Nf3 Nf6 4. e3 Bf5 5. Nc3 a6 {Dieses Manöver ist hier
nicht besonders wirksam. Üblich ist} (5... e6 {Nach den weiteren Zügen} 6. Bd3
Bxd3 7. Qxd3 {würde man wohl kaum auf den Zug} a6 {verfallen; die Stellung
nach diesem Zuge entsteht aber in der Partie.}) 6. Bd3 Bxd3 7. Qxd3 e6 8. O-O
Be7 9. e4 O-O ({Nach} 9... dxe4 10. Nxe4 Nxe4 (10... c5 {wird mit} 11. Qb3 {
beantwortet}) 11. Qxe4 Nd7 12. Bf4 {hat Weiß leichten Vorteil. Laut V. Kramnik
("SChach" 9/2001, S.8) ist es wichtig, daß dem Schwarzen hier die Möglichkeit
zu Dd8-a5-a6 mit Druckspiel gegen den Bauern auf c4 fehlt.}) 10. Rd1 b5 ({Nach
} 10... dxe4 11. Nxe4 Nxe4 12. Qxe4 Nd7 13. Bf4 {entsteht eine ganz ähnliche
Stellung wie sie in der vorigen Anmerkung gezeigt wurde. Weiß steht bequemer.})
11. c5 (11. cxd5 cxd5 12. e5 Nfd7 13. a4 bxa4 {führt laut Kramnik ("Schach" 9/
2001, S.8) zu etwa gleichem Spiel.} (13... b4 14. Ne2 {ist dagegen seiner
Meinung nach sehr vorteilhaft für Weiß.})) 11... dxe4 ({Auf} 11... b4 {folgt
laut Kramnik} 12. e5 bxc3 13. exf6 Bxf6 (13... cxb2 {scheitert an} 14. fxe7
bxa1=Q 15. exd8=Q Rxd8 16. Qc2 {, und Weiß gewinnt.}) 14. Qxc3 Qc7 15. g3 Nd7
16. Bf4 {mit Vorteil für Weiß. Freilich scheint es mir, daß Schwarz nach} Qb7 {
gefolgt von Lf6-d8-c7 noch nicht zu verzweifeln braucht.}) 12. Nxe4 Nxe4 ({Nach
} 12... Nbd7 {schlägt Kramnik} 13. Nc3 {vor} ({oder auch} 13. Bf4 Nxe4 14. Qxe4
Rc8 15. a4 {In der Tat ist die Schwäche des Bauern auf c6 stets lästig für
Schwarz.})) 13. Qxe4 Qd5 14. Qxd5 {Nach anderen Zügen folgt 14...Sd7, und
Schwarz hat keinerlei Probleme.} cxd5 ({Nach} 14... exd5 15. Re1 Bf6 (15... Re8
16. a4 {ist ebenfalls sehr lästig für Schwarz.}) 16. Bg5 Bxg5 17. Nxg5 Nd7 18.
Re7 Nf6 19. Rae1 Rae8 20. Nf3 Ne4 21. Ra7 Ra8 22. Rxa8 Rxa8 23. Ne5 Rc8 24. f3
Nf6 25. Re3 {hat Weiß die prächtigsten Gewinnaussichten.}) 15. Bf4 Nc6 ({Auf} 
15... f6 {folgt} 16. Re1 Kf7 17. Re2 Re8 18. Bxb8 Raxb8 19. b4 {mit Vorteil
für Weiß.}) 16. Ne5 Nb8 ({Nach} 16... Nxe5 17. Bxe5 Rfc8 18. b4 ({Zu unklarem
Spiel führt die Folge} 18. a4 b4 19. a5 f6 20. Bg3 e5) 18... Kf8 (18... a5 {
scheitert an} 19. a4) 19. a4 {dürfte Schwarz nicht überleben.}) (16... Rfc8 17.
Nxc6 (17. Nd7 Ra7 {bringt nichts ein.}) 17... Rxc6 18. b4 Bf6 19. a4 {führt zu
ähnlichen Bildern.}) ({Schwarz hat andere Möglichkeiten als den Textzug, um
Springertasusch zu vermeiden.} 16... Na7 17. Nd7 Rfe8 18. Nb6 Rad8 19. Bc7 {
kostet die Qualität. Nach} Nc6 20. Bxd8 Rxd8 {schlägt Kramnik ("Schach" 9/2001,
S.8)} 21. b4 (21. Rac1 Bf6 22. Kf1 Kf8 23. Rd3 {sollte auf die Dauer zum
Erfolg führen;} Bxd4 24. Rxd4 Nxd4 25. c6 Nxc6 26. Rxc6 Ke7 27. a4 {überlebt
Schwarz nicht.}) (21. Kf1 {ist weniger genau; Schwarz kann} Nxd4 {antworten.})
21... Bf6 22. a4 {vor, doch scheint mir nach} Bxd4 23. axb5 axb5 24. Ra3 e5 {
die Sache nicht so klar zu sein.}) (16... Na5 {kam dagegen in Betracht; nach}
17. Bd2 ({nach} 17. b3 f6 {erreicht Schwarz sein Ziel, nämlich die dauerhafte
Blockade des c-Bauern mit dem Springer;}) (17. b4 Nc4 {ist ebenfalls recht
unklar.}) 17... Nc4 18. Nd3 Nxd2 19. Rxd2 Bf6 20. Ne1 Rfc8 21. Nf3 h5 {hat
Schwarz gute Überlebensaussichten.}) 17. Rd3 {Dieser Zug bereitet vor allem
die Möglichkeit vor, die Türme auf der e-Linie zu verdoppeln, die wichtig ist,
falls Schwarz f7-f6 spielt.} (17. c6 Bd6 18. Rdc1 Ra7 {sieht nicht gesund für
Weiß aus.}) (17. a4 f6 18. axb5 fxe5 19. Bxe5 Nd7 20. bxa6 Nxe5 {(Kramnik) ist
ganz selbstmörderisch.}) 17... Rc8 (17... f6 {war konsequent. Nach} 18. Nf3 Nc6
(18... Kf7 19. Bxb8 Rfxb8 20. Re1 Rc8 {ist vielleicht auch gar nicht so
schrecklich für Schwarz}) 19. Re1 Kf7 20. Rde3 Nxd4 ({Auf} 20... Nd8 {folgt}
21. Bc7 Re8 22. Bb6 {mit andauerndem Druck.}) 21. Nxd4 Bxc5 22. Rd3 Bxd4 23.
Rxd4 e5 24. Bxe5 fxe5 25. Rxd5 {schätzt Kramnik das Endspiel als kaum haltbar
für Schwarz ein, doch scheint mir nach} Rfe8 {der Schwarze über ansehnliche
Remisaussichten zu verfügen, zum Beispiel} 26. Rdxe5 Rxe5 27. Rxe5 Rc8 28. Kf1
Rc1+ 29. Re1 Rc2 30. Rb1 b4 {(Vgl. "Schach" 9/2001, S.9).}) (17... g5 18. Bg3
f6 19. Nf3 g4 20. Bxb8 Rfxb8 (20... gxf3 21. Bf4 fxg2 22. Bh6 Rf7 23. Re1 {
ist verderblich für Schwarz.}) 21. Nd2 {wird ebenfalls von Kramnik untersucht,
aber eine solche Mißhandlung der Bauernstruktur verdient natürlich kein
Vertrauen.}) 18. Re1 Bf6 $6 {Schwarz erreicht den Abtausch des Läufers gegen
den gegnerischen Springer, doch muß er eine böse Schwächung seines
Königsflügels dafür in Kauf nehmen. Es gab eine Vielzahl anderer Möglichkeiten:
} (18... a5 19. Rb3 b4 20. a3 Na6 ({In Betracht kommt auch} 20... Bf6 21. axb4
axb4 22. Rxb4 Bxe5 23. Bxe5 Nc6 24. Rb5 f6 25. Bd6 Nxd4 26. Rb7 e5 27. b4 Nf5 {
und Schwarz dürfte sich halten können.}) 21. Nd7 {wird von Kramnik angegeben,
doch ist die Lage nach} Ra7 22. Nb6 Rc6 23. axb4 Nxb4 {schwer zu durchschauen.}
) (18... Bd8 {mit der Absicht Ld8-c7xe5 gefällt mir persönlich in dieser
Stellung für Schwarz am besten.}) 19. Ng4 Nc6 20. Nxf6+ gxf6 21. Bg3 {Weiß
beeilt sich, den wunden Punkt f6 anzugreifen. Nach} (21. Bd6 Kh8 {nebst
Tc8-g8-g6 hat Schwarz nichts zu befürchten (Kramnik, loc. cit.).}) 21... Kg7 {
Kramnik gibt diesem Zug ein Fragezeichen; er hält ihn für den entscheidenden
Fehler in der Partie. Ich bin der Meinung, daß erst der folgende Zug die
Partie verdirbt.} (21... f5 {wird von Kramnik ebenfalls verworfen, denn} 22.
Be5 ({Nach} 22. Bh4 Kg7 23. Rg3+ Kh6 24. Bf6 Rg8 {ist laut Kramnik, wenn ich
seine Angaben richtig deute (denn er gibt keine Stellungsbewertung an), die
Lage nicht deutlich. Mit 23.Tee3 an Stelle von 23.Tg3+ kann Weiß jedoch in die
Variante überlenken, die Kramnik in seiner Anmerkung zum 22. Zuge von Schwarz
als günstig für den Anziehenden beurteilt. Ich bespreche die Angelegenheit
dort weiter.}) 22... Nxe5 23. Rxe5 {führt seiner Meinung nach zu klarem
Vorteil für Weiß.}) (21... h6 {war laut Kramnik das richtige Verfahren. Er
gibt folgende Varianten ("Schach" 9/2001, S.25):} 22. Bf4 (22. Bh4 f5 23. Bf6
Kh7 24. h4 (24. Rg3 Rg8) 24... Kg6 25. Be5 Nxe5 26. Rxe5 {Schwarz steht besser
als in der oben unter 21...f5 angegebenen Variante, doch hat auch hier Weiß
beträchtlichen Vorteil.}) 22... Kh7 23. Ree3 (23. Rh3 $6 Nxd4 24. Bxh6 Kg6 25.
Be3 Nf5) 23... Rg8 24. Rh3 Rg6 25. Bd2 Kg7 26. Rh5 {mit der Absicht h2-h3,
g2-g4 und f2-f4-f5; ich glaube aber, daß Weiß nach} f5 {Mühe haben wird,
diesen Plan zu verwirklichen.}) 22. Bh4 Ne7 $2 {Schwarz durfte den prächtigen
Blockadeposten mit dem Springer nicht aufgeben.} ({Das mutige} 22... f5 {
war angewiesen:} 23. Ree3 (23. Rg3+ Kh6 24. Bf6 ({Nach} 24. Bg5+ Kg7 {kann
Weiß nicht auf andere Weise weiterkommen, als den Läufer doch nach f6 zu
bringen.}) 24... Rg8 25. Ree3 Rg4 26. Rh3+ Kg6 27. f3 Kxf6 28. fxg4 fxg4 {
mit unklarer Stellung.}) 23... f4 (23... Rg8 {was Kramnik hier als einziges
angibt, ist jetzt ungenau, weil nach} 24. Rg3+ Kh6 25. Bf6 Rg4 26. Rh3+ Kg6 27.
f3 Kxf6 28. fxg4 fxg4 29. Rxh7 {der d-Bauer des Weißen gedeckt ist; er steht
auf Gewinn.}) 24. Re1 (24. Rf3 {wird mit} e5 {beantwortet.}) ({Nach} 24. Rh3
Kg6 25. g3 Rg8 26. gxf4 Kf5+ 27. Kf1 f6 {ist mir unklar, wer besser steht.})
24... Kg6 {Ich sehe keinen nennenswerten Vorteil für Weiß.}) 23. g4 Ng6 (23...
Nc6 {gewährt keinen Ausgleich mehr:} 24. Rf3 f5 25. Rf4 (25. gxf5 Nxd4 26. Rg3+
Kf8 27. fxe6 Nxe6 28. f4 {ist laut Kramnik nicht klar; in der Tat whrt sich
Schwarz mit} Re8 29. Bf6 Nxf4) 25... fxg4 26. Rxg4+ Kh6 27. Rf4 Rg8+ 28. Kf1
Kh5 29. h3 (29. Bf6 $2 Rg4) 29... h6 30. Bf6 Kg6 31. Ke2 {(Kramnik, "Schach" 9/
2001, S.9).}) (23... h5 {wird auch noch von Kramnik analysiert:} 24. Rf3 ({
Er gibt auch} 24. gxh5 {an;} Nf5 25. Bg3 $16 {lautet seine Einschätzung, doch
scheint mir die Sache nach} Rc6 26. Kg2 Rh8 27. Kf3 Rxh5 {gar nicht klar zu
sein.}) 24... hxg4 25. Rf4 $16 {aber auch hier kann Schwarz mit} Kh7 26. Bxf6
Nf5 27. Rxg4 Rg8 28. f3 Rg6 {Widerstand leisten: Weiß kann den Bauern auf d4
nicht halten.}) 24. Bg3 a5 $6 {Jetzt kann Weiß den Springer an der Rückkehr in
bewohnte Gegenden hindern.} (24... Ne7 {war zäher. Nach} 25. Rf3 Nc6 (25... a5
26. Bh4 Ng8 27. Ree3 {sieht nicht vertrauenerweckend für Schwarz aus.}) 26. Bh4
f5 27. Rf4 fxg4 28. Rxg4+ Kh6 29. Rf4 Rg8+ 30. Kf1 Kh5 31. h3 {geht das Spiel
in eine schon oben angegebene Variante über; Weiß hat erheblichen Vorteil.})
25. Bd6 h5 {Schwarz öffnet das Spiel. Er will das Feld f5 für seinen Springer
freikämpfen; aber er beschleunigt damit seinen Untergang.} 26. gxh5 Nh4 27.
Rg3+ Kh6 28. Be7 Nf5 29. Bxf6 Nxg3 30. fxg3 {Die Stellung des Schwarzen ist
strategisch verloren.} Rg8 31. Kg2 Kxh5 32. h3 Kg6 33. Rf1 Kh7 34. g4 b4 35.
Kg3 b3 36. a3 Rac8 37. h4 Rg6 38. h5 1-0

[Event "Dortmund SuperGM"]
[Site "Dortmund"]
[Date "2001.07.21"]
[Round "9"]
[White "Kramnik, Vladimir"]
[Black "Anand, Viswanathan"]
[Result "1-0"]
[WhiteElo "2802"]
[BlackElo "2794"]
[Annotator "Huzman,A"]
[PlyCount "77"]
[EventDate "2001.07.12"]
[EventType "tourn"]
[EventRounds "10"]
[EventCountry "GER"]
[EventCategory "21"]
[SourceTitle "CBM 085"]
[Source "ChessBase"]
[SourceDate "2001.11.13"]
[SourceVersion "1"]
[SourceVersionDate "2001.11.13"]
[SourceQuality "1"]

1. d4 {Ftacnik. McShane} d5 2. c4 dxc4 3. Nf3 e6 4. e3 Nf6 5. Bxc4 c5 6. O-O a6
7. Bb3 cxd4 8. exd4 Nc6 9. Nc3 Be7 10. Bg5 O-O 11. Qd2 Na5 (11... Nb4 12. Ne5
h6 13. Bh4 Nbd5 14. Bxf6 Nxf6 15. Rad1 Qc7 16. f4 Rd8 17. Qe3 b5 18. f5 Qb6 19.
fxe6 Bxe6 20. Ng6 Ra7 21. Rfe1 Bxb3 22. Nxe7+ Rxe7 23. Qxe7 Bxd1 24. Rxd1 Rxd4
$19 {0-1 Colas,J-Sansas,A/FRA-ch21 corr 1956/Corr 2000 (37)}) (11... h6 12. Bf4
(12. Bxf6 Bxf6 13. Rad1 Na5 14. Bc2 b5 15. b3 Bb7 16. Ne4 Rc8 17. Bb1 Bxe4 18.
Bxe4 Nc6 19. Rfe1 Ne7 20. Bb1 Nd5 21. Qd3 g6 $15 {1/2-1/2 Gelfand,B-Shirov,A/
New Delhi/Theran 2000/CBM 81/[Hecht] (72)}) 12... Re8 13. Rad1 Bf8 14. Ne5 Ne7
15. Qd3 Ned5 16. Bc1 b5 17. Qg3 Bb7 18. Bxh6 Nxc3 19. bxc3 Ne4 20. Qg4 Nf6 21.
Qg5 Qe7 22. Rd3 Ne4 23. Qg4 Nf6 24. Qg5 Ne4 25. Qg4 Nf6 {1/2-1/2 Kramnik,
V-Anand,V/Mainz GER 2001 (25)}) (11... Nd5 12. Bxe7 Ncxe7 13. Rac1 b6 14. Nxd5
Nxd5 15. Bxd5 Qxd5 16. Rc7 a5 17. Rfc1 Bb7 18. Qf4 Rad8 19. a3 h6 20. h3 Ba8
21. Ra7 Rd7 22. Rxd7 Qxd7 23. Rc7 Qd5 24. Ra7 Qc6 25. Rc7 Qd5 26. Ra7 Qc6 {
1/2-1/2 Sundararajan,K-Arnold,L/Budapest HUN 2001/ (26)}) 12. Bc2 b5 (12... Nc4
$6 {Huzman} 13. Qe2 b5 $140 $2 14. Bxf6 Bxf6 15. Qe4 $18) 13. Qf4 Ra7 {'!?'
McShane. McShane: 'White's isolated queen's pawn guarantees him an initiative.
Black aims to exchange pieces and soak up the initiative, hence this
prophylactic move.'} (13... Bb7 14. Rad1 g6 15. Bh6 Nh5 16. Qg4 f5 17. Qh3 Rc8
18. d5 $1 $16 {1-0 Tkachiev,V-Lesiege,A/New Delhi/Theran 2000/CBM 81/[Huzman] 
(39)}) 14. Rad1 Bb7 {'?!' Ftacnik. Ftacnik: 'Combined with the move 13...Ra7
this natural move makes a very strange impression. '} (14... Nc4 15. Qh4 $1 (
15. Ne5 Nxb2 16. Nc6 Nxd1 17. Nxd8 Nxc3 18. Qf3 Rxd8 19. Qxc3 Rad7 $44) (15. b3
{Ftacnik} Na3 16. Bd3 b4 $13) 15... g6 (15... h6 16. Bxh6 gxh6 17. Qxh6 Nxb2
18. Ng5 Nxd1 19. Bh7+ Kh8 20. Bf5+ Kg8 21. Nce4 $1 $18) 16. Ne5 (16. d5 Nxd5
17. Be4 Ne5 $1) 16... Nd5 17. Bxe7 (17. Ne4 f6) 17... Qxe7 18. Qg3 (18. Qxe7
Rxe7 19. Nxc4 bxc4 20. Rfe1 Bb7 $11) 18... Nxc3 19. bxc3 Rc7 $132) (14... Rc7 {
Anand} 15. d5 $5 exd5 (15... Nxd5 16. Bxe7 Qxe7 (16... Rxe7 17. Bxh7+ $1 Kxh7
18. Qh4+ Kg8 19. Ng5 $18) 17. Rxd5 Rxc3 18. Bxh7+ $18) 16. Bxf6 Bxf6 17. Rxd5
Rd7 (17... Bd7 18. Rfd1 $16) 18. Rfd1 $36) 15. d5 $1 {[%mdl 68] McShane: 'This
thematic move opens more lines for the White pieces.'} Bxd5 (15... Nxd5 16.
Bxh7+ (16. Qd4 {McShane} Nc6 17. Qh4 g6 18. Nxd5 exd5 19. Rfe1 {with huge
compensation for the sacrificed pawn.}) (16. Nxd5 {Ftacnik} Bxd5 (16... Bxg5 {
Ftacnik} 17. Nxg5 Bxd5 18. Bxh7+ $18) 17. Rxd5 $1 $18) 16... Kxh7 17. Qh4+ Kg8
(17... Kg6 18. g4 $1 $18) 18. Rxd5 $1 Bxd5 19. Bxe7 Qxe7 20. Ng5 Qxg5 21. Qxg5
$16) (15... exd5 16. Qh4 h6 (16... g6 17. Rfe1 $18 (17. Ne4 $1 $18 {Ftacnik}))
17. Bxh6 gxh6 18. Qxh6 $18 {[%cal Gf3g5,Gd1d4,Gd4h4]}) 16. Nxd5 exd5 $2 (16...
Nxd5 $142 17. Rxd5 {'!' McShane. '!' Ftacnik.} (17. Qh4 g6) (17. Qe4 g6 18. Bh6
Bf6 (18... Re8 19. Qd4 $18) 19. Bxf8 Qxf8 $44 {/+/=}) 17... exd5 (17... Qxd5
18. Bxe7 (18. Qh4 {McShane wins the bishop, as Qxh7 and Bxe7 are both
threatened.}) 18... Rxe7 19. Qh4 $18) 18. Bxh7+ Kxh7 19. Qh4+ Kg8 (19... Kg6
20. Ne5+ Kf5 21. Qg4+ Kxe5 22. Bf4+ Ke4 (22... Kd4 {McShane} 23. Bd6+ Kd3 24.
Rd1+ Kc2 25. Qe2#) (22... Kf6 {McShane} 23. Re1 Nc4 {to stop Be5 mate} 24. Bg5+
Kg6 25. Bxe7+ {wins.}) 23. Bc7+ Kd3 24. Rd1+ Kc2 25. Qe2#) 20. Bxe7 Qxe7 21.
Ng5 Qxg5 {McShane: 'otherwise Black is mated.'} 22. Qxg5 Rd7 23. Rd1 (23. h4 d4
24. h5 Rd6 $44 {/+/=}) 23... Rc8 (23... d4 24. Qc5 Rfd8 25. b3 $16 {[%csl Ra5]}
) 24. Kf1 $16) 17. Qh4 (17. Rfe1 $5 {Ftacnik}) 17... h5 {'!' Ftacnik. Ftacnik:
'Excellent defensive move full of orignality, but despite this spirited idea
black position is quite shaky.'} (17... h6 18. Bxh6 gxh6 19. Qxh6 {[%cal Gf3g5,
Rf3d4,Rd4f5,Rd1d3,Rd3h3,Gd1d4,Gd4h4]} Rc7 (19... Re8 20. Rd4 Bf8 21. Rg4+) (
19... Nc4 20. Rd4 $18) 20. Nd4 $1 Rxc2 (20... Re8 21. Rd3 $18) 21. Rd3 Ng4 22.
Rg3 Qd7 23. Qh5 $18) (17... g6 18. Rfe1 $18) 18. Rfe1 {'!' Ftacnik.} (18. Nd4
$5 Ne4 (18... Rc7 19. Bb1 Re8 20. Nf5 $44) 19. Bxe7 Qxe7 20. Qxh5 $16) (18.
Bxf6 $2 {Ftacnik} Bxf6 19. Qxh5 g6 20. Qxd5 Qxd5 21. Rxd5 Bxb2 $11) 18... Nc6 (
18... Qc8 {[%cal Yc8g4]} 19. Nd4 Qg4 20. Qxg4 hxg4 21. Bd2 $1 (21. Bf5 Rc7 22.
Bxg4 Nc4 23. Nf5 Bd8 $132 {[%cal Yf6g4,Yc4b2]}) 21... Bd8 (21... b4 22. Rxe7
Rxe7 23. Bxb4 $18) 22. Bb4 Re8 23. Rxe8+ Nxe8 24. Bf5 $16) (18... Rc7 {Ftacnik}
19. Nd4 Nc4 20. Nf5 Nxb2 21. Rc1 Re8 $13) 19. g4 $1 Qd6 (19... Rc7 20. gxh5 Nh7
(20... Ne5 21. Rxe5 Rxc2 22. Nd4 Rc4 23. b3 $18) 21. Bxh7+ $1 Kxh7 22. h6 g6
23. Rxe7 $1 Nxe7 24. Bf6 $18) (19... Re8 $142 20. Bxf6 (20. gxh5 $5 Nh7 21.
Bxh7+ Kxh7 22. Qf4 Kg8 23. h6 $40) 20... Bxf6 21. Qxh5 Re6 (21... g6 22. Bxg6
Rxe1+ 23. Rxe1 fxg6 24. Qxg6+ Kf8 25. Re6 $18) 22. Rxe6 fxe6 23. Re1 Qd7 24.
Bf5 Nd8 25. Re2 $16 {/+-}) (19... Rd7 {McShane: is also a plausible defence,
but after} 20. gxh5 Ne4 21. Bxe4 dxe4 22. Rxd7 Qxd7 23. Qxe4 {White has a
healthy advantage}) (19... Nxg4 $2 {McShane} 20. Qxh5 $18 {wins.} f5 21. Rxd5
$1 Qxd5 22. Bb3 $16) 20. gxh5 Qb4 (20... Nh7 21. Bf4 $1 Qc5 (21... Qb4 22. Qg3
Qxb2 23. Bxh7+ Kxh7 24. Ne5 Nd8 25. Nd7 $1 $18) 22. Bxh7+ Kxh7 23. Qg4 d4 24.
Ne5 $36) 21. h6 {'!' Ftacnik. Ftacnik: 'Kramnik very correctly insists, that
in order to attack one does not necessarily needs queens on the board.'} Qxh4
22. Nxh4 Ne4 (22... gxh6 23. Bxh6 Rc8 (23... Rd8 {Ftacnik} 24. Nf5 $16) 24. Kh1
(24. Nf5 {McShane} Bc5 25. Kh1 $1 {wins after} Bxf2 26. Rg1+ $1) 24... Kh8 (
24... Bf8 25. Rg1+ Kh8 26. Bg5 $1 Nh7 27. Be3 $16) 25. Nf5 Ng4 26. Bg7+ Kg8 27.
Re2 $18 {[%cal Gd1g1]}) 23. hxg7 Rc8 (23... Rd8 $5 {Ftacnik} 24. Bxe7 Rxe7 25.
Nf5 Re5 26. Bxe4 dxe4 27. Rxd8+ Nxd8 28. Ng3 f5 29. f3 $16) 24. Bxe7 Nxe7 25.
Bxe4 dxe4 26. Rxe4 Kxg7 27. Rd6 $1 {/\28.Re7 McShane: 'White's initiative
continues into the endgame.'} (27. Rxe7 Rxe7 28. Nf5+ Kf6 29. Nxe7 Kxe7 30. Rd3
Rc2 31. Rb3 $16) 27... Rc5 (27... Rc2 $1 28. Rg4+ Kh7 29. Rd3 (29. Nf3 Rxb2 30.
Ng5+ Kg7 $13) 29... Ng6 $16) 28. Rg4+ Kh7 29. Nf3 $1 {Ftacnik: 'The Anand's
main worry is not so much the missing pawn, but rather a coordination of white
pieces.'} Ng6 (29... Rc2 30. Ng5+ Kg7 31. Ne6+ Kf6 32. Nd8+ Kf5 33. Rg7 $18)
30. Ng5+ Kg7 31. Nxf7 (31. h4 $5) 31... Rxf7 (31... Kxf7 32. Rdxg6 $18) 32.
Rdxg6+ (32. Rgxg6+ $1 Kf8 33. Rc6 $1 $18) 32... Kh7 (32... Kf8 33. Rxa6 Rc2 34.
Ra8+ Ke7 35. Ra7+ Kf8 36. Rxf7+ Kxf7 37. Rb4 $18) 33. R6g5 Rxg5 (33... Rc1+ 34.
Kg2 Kh6 35. f3 Rc2+ 36. Kg3 Rxb2 37. f4 $18) 34. Rxg5 Rc7 35. a3 b4 (35... Rc2
36. b4 $18) 36. axb4 Rc1+ 37. Kg2 Rb1 38. Ra5 Rxb2 39. Ra4 $1 {[%cal Gg2b7]}
1-0

[Event "Botvinnik Memorial m"]
[Site "Moscow"]
[Date "2001.12.01"]
[Round "1"]
[White "Kramnik, Vladimir"]
[Black "Kasparov, Garry"]
[Result "1/2-1/2"]
[WhiteElo "2802"]
[BlackElo "2838"]
[Annotator "Huzman,A"]
[PlyCount "35"]
[EventDate "2001.12.01"]
[EventType "match"]
[EventRounds "4"]
[EventCountry "RUS"]
[SourceTitle "CBM 087"]
[Source "ChessBase"]
[SourceDate "2002.03.21"]
[SourceVersion "1"]
[SourceVersionDate "2002.03.21"]
[SourceQuality "1"]

1. d4 d5 2. c4 dxc4 3. Nf3 e6 4. e3 a6 5. Bxc4 c5 6. O-O Nf6 7. dxc5 Qxd1 8.
Rxd1 Bxc5 9. Nbd2 O-O 10. Be2 Rd8 (10... Nbd7 11. Nb3 Be7 12. Nfd4 Nb6 13. Na5
Nbd5 14. f3 Bd8 15. Nab3 e5 16. Nc2 Bb6 17. Kf1 Be6 18. e4 Ne7 19. Bg5 Rac8 20.
Ne3 Ng6 21. Nd5 Bxd5 22. exd5 Rfd8 23. Rac1 {1/2-1/2 Skomorokhin,R-Hoang Than
Trang/Budapest 1994/EXT 97 (23)}) (10... Nc6 11. b3 b6 12. Bb2 Rd8 13. a3 Bb7
14. b4 Be7 15. Nd4 Nxd4 16. Bxd4 b5 17. Nb3 Rd7 18. Na5 Be4 19. f3 Bc2 20. Rdc1
Ba4 21. Nc6 $16 {1-0 Malaniuk,V-Galinsky,T/Minsk op 1997 (48)}) 11. Ne5 (11. b3
b6 12. Bb2 Bb7 13. Nc4 (13. Ne5 Nbd7 14. Bf3 Bxf3 15. Ndxf3 Nxe5 16. Nxe5 Nd5
17. Nd3 Be7 18. e4 Nb4 19. Nxb4 Bxb4 $11 {1/2-1/2 Ruck,R-Rublevsky,S/Ohrid MKD
2001/ (27)}) 13... Rxd1+ 14. Rxd1 Nbd7 15. Nfe5 Nxe5 16. Bxe5 Bd5 17. Bf3 Rc8
18. Bxf6 Bxf3 19. Rd8+ Rxd8 20. Bxd8 Bd5 21. Bxb6 Bxc4 22. Bxc5 Bd3 $11 {
1/2-1/2 Baburin,A-Yakovich,Y/Port Erin IOM 2001/ (42)}) (11. a3 a5 12. Nb3
Rxd1+ 13. Bxd1 Be7 14. Bd2 Nc6 15. Rc1 Bd8 16. Nc5 Ne7 17. Ne5 b6 18. Na4 Ba6
19. f3 Rc8 20. Rxc8 Bxc8 21. e4 {1/2-1/2 Schandorff,L-Rublevsky,S/Panormo GRE
2001/ (21)}) (11. Nb3 Rxd1+ 12. Bxd1 Be7 13. Ne5 Nbd7 14. Nxd7 Bxd7 15. Bf3 Rb8
16. Bd2 b6 17. Bc3 a5 18. Rd1 Ba4 19. g4 Rd8 20. Rxd8+ Bxd8 $11 {1/2-1/2
Arencibia,W-Ibragimov,I/Anibal Open ESP 2001 (30)}) 11... Be7 $1 {A very
useful move preventing White from gaining an important tempo by attacking the
Bc5 with one of his Ns} 12. b3 (12. Bf3 Ra7 (12... Nbd7 13. Nd3 (13. Nxd7 Rxd7
14. b3 Nd5 15. Nc4 (15. Bb2 b5 $11) 15... Bf6 16. Bb2 Bxb2 17. Nxb2 $16)) 13.
b3 (13. a4 b6 14. Ndc4 Rxd1+ 15. Bxd1 Nfd7 $11) 13... b5 14. Bb2 Bb7 $11) (12.
Ndc4 Rxd1+ 13. Bxd1 Nbd7 14. Bf3 Nxe5 15. Nxe5 Bd6 (15... Nd5 16. Bd2 f6 17.
Nc4 Rb8 18. e4 Nb4 19. Nb6 e5) 16. Nc4 Bc7 17. Bd2 e5 (17... Rb8 18. Rc1 Bd7
19. Na5 $36) 18. Bc3 e4 19. Be2 Be6 $11) 12... Nd5 13. Bb2 f6 14. Nd3 (14. Nec4
b5) 14... Nc6 15. e4 Nb6 {[%cal Ye6e5]} 16. e5 f5 17. Rac1 Bd7 18. Nf3 (18. Nc5
Bxc5 19. Rxc5 Be8 $11) (18. Nf3 Nd5 19. Nc5 Bxc5 20. Rxc5 Nf4 21. Bf1 Be8 $132
{[%cal Ye8h5]}) 1/2-1/2